Reflexiones sobre la reforma de la Universidad en el capitalismo cognitivo /

Partiendo de una presentación de las tesis más interesantes del llamado capitalismo cognitivo, el articulo desarrolla las implicaciones del proceso de reforma de las enseñanza universitaria en los países de la Unión Europea. El tono crítico del texto se prolonga en el análisis del tipo de subjetivid...

Mô tả đầy đủ

Đã lưu trong:
Chi tiết về thư mục
Tác giả chính: Galcerán Huguet, Montserrat
Định dạng: Texto
Những chủ đề:
Các nhãn: Thêm thẻ
Không có thẻ, Là người đầu tiên thẻ bản ghi này!

MARC

LEADER 00000 a a2200000 04500
001 10188
003
040
100 |a Galcerán Huguet, Montserrat  
245 |a Reflexiones sobre la reforma de la Universidad en el capitalismo cognitivo /  |c Montserrat Galcerán Huguet 
520 |a Partiendo de una presentación de las tesis más interesantes del llamado capitalismo cognitivo, el articulo desarrolla las implicaciones del proceso de reforma de las enseñanza universitaria en los países de la Unión Europea. El tono crítico del texto se prolonga en el análisis del tipo de subjetividad propiciada por los procesos en curso, y auspiciadas por las demandas del capitalismo cognitivo  
650 |a ENSEÑANZA SUPERIOR  
650 |a CAPITALISMO  
650 |a EUROPA  
773 |g número 27; páginas 86-97  
999 |c 33070  |d 33070